[Event "Chigorin Memorial Open"]
[Site "St Petersburg RUS"]
[Date "2011.10.17"]
[Round "4.124"]
[White "Shagdurov, Denis"]
[Black "Evsyukov, Aleksey"]
[Result "1-0"]
[WhiteElo "1789"]
[BlackElo "1902"]
[WhiteFideId "24136735"]
[BlackFideId "24159557"]
[EventDate "2011.10.14"]

1. e4 c5 2. Nf3 d6 3. d4 cxd4 4. Nxd4 Nf6 5. Nc3 a6 6. Bg5 Nbd7 7. f4 Qc7 8. Qf3
h6 9. Bxf6 Nxf6 10. h3 e5 11. Nb3 b5 12. O-O-O Bb7 13. Nd5 Bxd5 14. exd5 Rc8 15.
Bd3 Be7 16. Bf5 Rd8 17. Kb1 g6 18. Bd3 O-O 19. Rhe1 Nd7 20. f5 Rc8 21. fxg6 fxg6
22. Qg4 Rf6 23. Rf1 Rcf8 24. Rxf6 Rxf6 25. Bxg6 Nf8 26. Bd3+ Kh8 27. Nd2 Rf4 28.
Qh5 Kg7 29. Rf1 Bg5 30. Rxf4 Bxf4 31. Nf3 Qe7 32. Nh4 Qf6 33. a3 Kg8 34. Nf3 Qg7
35. g4 Qe7 36. Qf5 Bg5 37. Nxg5 hxg5 38. a4 bxa4 39. Bxa6 e4 40. Kc1 Nd7 41. Bc8
Nc5 42. Qg6+ Kf8 43. Be6 Qg7 44. Qf5+ Ke7 45. Qf2 Qe5 46. Qf7+ Kd8 47. Qf8+ Kc7
48. Qc8+ Kb6 49. Qd8+ Kb5 50. Qf8 e3 51. Qe8+ Kc4 52. Bd7 Qxe8 53. Bxe8 Kxd5 54.
Kd1 Ke5 55. Ke2 Kf4 56. Bc6 Ne4 57. Bxa4 Ng3+ 58. Ke1 Ke4 59. Bc6+ Kd4 60. Bf3
Kc5 61. Bg2 Kd4 62. Bf3 Kc4 63. h4 gxh4 64. g5 Nf5 65. Bg4 Ng7 66. Ke2 Kd4 67.
b4 Kc4 68. c3 Kxc3 69. b5 1-0

[Event "Chigorin Memorial Open"]
[Site "St Petersburg RUS"]
[Date "2011.10.17"]
[Round "4.125"]
[White "Platonova, Lubov"]
[Black "Gusev, Boris"]
[Result "1-0"]
[WhiteElo "1901"]
[BlackElo "1734"]
[WhiteFideId "4178769"]
[BlackFideId "24121479"]
[EventDate "2011.10.14"]

1. c4 Nf6 2. Nc3 e5 3. e4 Bc5 4. h3 Nc6 5. g3 O-O 6. Bg2 Nd4 7. Nge2 c6 8. O-O
d6 9. d3 Qc7 10. Kh2 Ne8 11. f4 f5 12. exf5 Bxf5 13. g4 Bg6 14. f5 Bf7 15. Ng3
Kh8 16. g5 g6 17. f6 Rd8 18. Qg4 Be6 19. Qh4 Qf7 20. Rb1 d5 21. b4 Bb6 22. c5
Bc7 23. a4 Qd7 24. Kh1 a6 25. Rb2 Bf5 26. Rd1 Bb8 27. Be3 Rf7 28. Nce2 Nxe2 29.
Rxe2 Be6 30. Nf1 Nc7 31. Bf2 d4 32. Be4 Bd5 33. Kh2 Ne6 34. Bxg6 Nxg5 35. Qxg5
hxg6 36. Bg3 Rh7 37. h4 Bf3 38. Rde1 e4 39. Rxe4 Bxe4 40. Rxe4 Qf5 41. Qxf5 gxf5
42. Re7 Bxg3+ 43. Nxg3 Rd7 44. Re8# 1-0

[Event "Chigorin Memorial Open"]
[Site "St Petersburg RUS"]
[Date "2011.10.17"]
[Round "4.126"]
[White "Paliy, Vladimir"]
[Black "Filin, Evgeny"]
[Result "1-0"]
[WhiteElo "1873"]
[BlackElo "1709"]
[WhiteFideId "4135709"]
[BlackFideId "24184764"]
[EventDate "2011.10.14"]

1. e4 d6 2. d4 Nf6 3. Nc3 g6 4. Nf3 Bg7 5. Be2 O-O 6. O-O Nbd7 7. Bg5 c5 8. Qd2
cxd4 9. Nxd4 Nc5 10. f3 Ne6 11. Be3 Ne8 12. Nd5 N8c7 13. c4 Nxd4 14. Bxd4 e5 15.
Be3 Nxd5 16. Qxd5 Qe7 17. Rfd1 Rd8 18. c5 Be6 19. cxd6 Qd7 20. Qa5 b6 21. Qa6 f6
22. Rac1 Rac8 23. Rc7 Rxc7 24. dxc7 Qxc7 25. Rxd8+ Qxd8 26. Qxa7 h5 27. a3 b5
28. Qa6 Bd7 29. Bxb5 Bxb5 30. Qxb5 Qd1+ 31. Qf1 Qb3 32. Qe2 Bf8 33. Qd2 Kf7 34.
Qd5+ Qxd5 35. exd5 Ke8 36. b4 Bd6 37. Bc5 Kd7 38. a4 Bc7 39. a5 f5 40. a6 Kc8
41. b5 e4 42. b6 Be5 43. fxe4 fxe4 44. b7+ Kb8 45. d6 e3 46. d7 Bc7 47. Bd6 1-0

[Event "Chigorin Memorial Open"]
[Site "St Petersburg RUS"]
[Date "2011.10.17"]
[Round "4.127"]
[White "Stroganov, Anatoly"]
[Black "Edilsultanova, Zalina"]
[Result "0-1"]
[WhiteElo "1866"]
[BlackElo "1621"]
[WhiteFideId "4178955"]
[BlackFideId "24164798"]
[EventDate "2011.10.14"]

1. d4 Nf6 2. Nf3 g6 3. Nbd2 Bg7 4. e4 d6 5. Bc4 O-O 6. Bb3 c5 7. d5 Nbd7 8. O-O
b5 9. c4 a6 10. a3 Ng4 11. Qe2 Nge5 12. Ng5 h6 13. Nh3 bxc4 14. Bxc4 Nxc4 15.
Nxc4 Nb6 16. Nf4 a5 17. Nxb6 Qxb6 18. Rd1 Rb8 19. Rb1 a4 20. h3 Bd7 21. g4 Qb3
22. Qd3 Qa2 23. Qc2 Rb7 24. Ng2 Rfb8 25. Rd2 Rb3 26. Ne3 Rxa3 27. b4 Qxc2 28.
Rxc2 Rb3 29. Rxb3 axb3 30. Rd2 Rxb4 31. Bb2 c4 32. Nd1 Bxb2 33. Rxb2 Ra4 34. Nc3
Ra1+ 35. Kg2 Kg7 36. f4 Kf6 37. Kf3 g5 38. e5+ dxe5 39. Ne4+ Kg7 40. fxg5 Ra2
41. gxh6+ Kxh6 42. Rb1 Rc2 43. Ke3 b2 44. d6 exd6 45. Nxd6 c3 46. Ne4 Rc1 47.
Nxc3 Rxc3+ 48. Ke4 Rb3 49. Kxe5 Be6 50. Kd4 Kg5 51. Ke5 Rb5+ 52. Kd4 Ba2 53. h4+
Kxh4 54. Rh1+ Kxg4 55. Rg1+ Kh3 0-1

[Event "Chigorin Memorial Open"]
[Site "St Petersburg RUS"]
[Date "2011.10.18"]
[Round "5.4"]
[White "Onischuk, Vladimir"]
[Black "Dvoirys, Semen I."]
[Result "1-0"]
[WhiteTitle "IM"]
[BlackTitle "GM"]
[WhiteElo "2483"]
[BlackElo "2598"]
[WhiteFideId "14114038"]
[BlackFideId "4100379"]
[EventDate "2011.10.14"]

1. e4 c5 2. Nf3 d6 3. d4 cxd4 4. Nxd4 Nf6 5. Nc3 a6 6. Be2 e5 7. Nb3 Be7 8. Bg5
Be6 9. Bxf6 Bxf6 10. Qd3 Nc6 11. O-O-O Nd4 12. Nxd4 exd4 13. Nd5 Bxd5 14. exd5
O-O 15. Qf3 Re8 16. Bd3 Re5 17. Kb1 Qa5 18. g4 Qxd5 19. Qxd5 Rxd5 20. f4 g6 21.
b4 Rc8 22. a4 Rc3 23. Ka2 Rxd3 24. cxd3 a5 25. Rb1 g5 26. Rhf1 b6 27. fxg5 Bxg5
28. Rf5 Rxf5 29. gxf5 Kg7 30. bxa5 bxa5 31. Rb5 Bd2 32. Kb3 Kf6 33. Kc4 Bc3 34.
h3 Kg5 35. Rb7 Kxf5 36. Rxf7+ Kg6 37. Rf4 h5 38. Kd5 Kg5 39. Re4 Bb4 40. Rxd4
Ba3 41. Ke6 Bc5 42. h4+ Kg6 43. Rf4 Bb4 44. d4 1-0

[Event "Chigorin Memorial Open"]
[Site "St Petersburg RUS"]
[Date "2011.10.18"]
[Round "5.5"]
[White "Bocharov, Dmitry"]
[Black "Mozharov, Mikhail"]
[Result "1-0"]
[WhiteTitle "GM"]
[BlackTitle "IM"]
[WhiteElo "2582"]
[BlackElo "2459"]
[WhiteFideId "4138716"]
[BlackFideId "4189825"]
[EventDate "2011.10.14"]

1. d4 Nf6 2. c4 e6 3. Nc3 d5 4. cxd5 Nxd5 5. e4 Nxc3 6. bxc3 c5 7. a3 Be7 8. Nf3
O-O 9. Bd3 Nc6 10. Bb2 b6 11. O-O cxd4 12. cxd4 Bb7 13. Qe2 Rc8 14. Rad1 Na5 15.
d5 exd5 16. exd5 Bf6 17. Ne5 Rc5 18. d6 g6 19. Bb1 Bxe5 20. Bxe5 Re8 21. Bf6
Rxe2 22. Bxd8 Rd5 23. Rxd5 Bxd5 24. d7 Nb7 25. Bf6 Bc4 26. Rd1 1-0

[Event "Chigorin Memorial Open"]
[Site "St Petersburg RUS"]
[Date "2011.10.18"]
[Round "5.7"]
[White "Shinkevich, Vitaly"]
[Black "Smirnov, Pavel"]
[Result "0-1"]
[WhiteTitle "IM"]
[BlackTitle "GM"]
[WhiteElo "2480"]
[BlackElo "2580"]
[WhiteFideId "4122690"]
[BlackFideId "4123425"]
[EventDate "2011.10.14"]

1. d4 Nf6 2. c4 e6 3. Nf3 d5 4. Nc3 dxc4 5. e4 Bb4 6. Bg5 c5 7. e5 cxd4 8. Nxd4
Bxc3+ 9. bxc3 Qa5 10. exf6 Qxg5 11. fxg7 Qxg7 12. Qd2 O-O 13. Bxc4 Rd8 14. Qe3
Bd7 15. O-O Nc6 16. Nf3 Ne7 17. Ne5 Ng6 18. f4 Rac8 19. Be2 Bc6 20. Nxc6 Rxc6
21. Qxa7 Qxc3 22. Qxb7 Nxf4 23. Bf3 Qd4+ 24. Kh1 Nd3 25. h3 Nf2+ 26. Kh2 Rc2 27.
Qe7 Qe5+ 28. Kg1 Nxh3+ 29. Kh1 Nf2+ 30. Kg1 Rd3 31. Qh4 Rxf3 32. Rae1 Nh3+ 0-1

[Event "Chigorin Memorial Open"]
[Site "St Petersburg RUS"]
[Date "2011.10.18"]
[Round "5.8"]
[White "Kovchan, Alexander"]
[Black "Bodnaruk, Anastasia"]
[Result "1/2-1/2"]
[WhiteTitle "GM"]
[BlackTitle "IM"]
[WhiteElo "2569"]
[BlackElo "2417"]
[WhiteFideId "14103052"]
[BlackFideId "4181751"]
[EventDate "2011.10.14"]

1. e4 c5 2. Nf3 d6 3. d4 cxd4 4. Nxd4 Nf6 5. Nc3 a6 6. Be2 e5 7. Nb3 Be7 8. Bg5
Be6 9. Bxf6 Bxf6 10. Qd3 Be7 11. Nd5 Nd7 12. Rd1 Bxd5 13. Qxd5 Qc7 14. Qd3 O-O
15. O-O b5 16. c3 Nb6 17. a3 Rad8 18. Bf3 g6 19. g3 f5 20. Bg2 f4 21. Nd2 Bg5
22. Nf3 Bh6 23. Qe2 Rfe8 24. Rd3 Qc8 25. Rfd1 Qe6 26. Ne1 Nc4 27. Bf3 Kg7 28.
Bg4 Qe7 29. a4 bxa4 30. Rd5 Qc7 31. Nd3 a5 32. Nc5 Nb6 33. Ne6+ Rxe6 34. Bxe6
Nxd5 35. Bxd5 a3 36. bxa3 Qxc3 37. Rb1 f3 38. Qd1 Rc8 39. Be6 Rc7 40. a4 Qc1 41.
Bg4 Qxb1 42. Qxb1 Rc1+ 43. Qxc1 Bxc1 44. Bxf3 1/2-1/2

[Event "Chigorin Memorial Open"]
[Site "St Petersburg RUS"]
[Date "2011.10.18"]
[Round "5.9"]
[White "Eliseev, Urii"]
[Black "Zontakh, Andrey"]
[Result "1/2-1/2"]
[BlackTitle "GM"]
[WhiteElo "2441"]
[BlackElo "2569"]
[WhiteFideId "24131920"]
[BlackFideId "14101130"]
[EventDate "2011.10.14"]

1. e4 c6 2. d4 d5 3. e5 Bf5 4. Be3 e6 5. Nd2 Nd7 6. Be2 c5 7. Ngf3 Ne7 8. dxc5
Nc6 9. c4 Nxc5 10. cxd5 Qxd5 11. O-O Nd3 12. Nb3 Rd8 13. Nbd4 Nxb2 14. Qb3 Qxb3
15. axb3 Bd3 16. Bxd3 Nxd3 17. Nxc6 bxc6 18. Rxa7 Bc5 19. Rc7 O-O 20. Rxc6 Bxe3
21. fxe3 Rd5 22. Rd6 Nxe5 23. Rxd5 Nxf3+ 24. gxf3 exd5 25. Rd1 Rc8 26. Rxd5 Kf8
27. Rd2 Rc3 28. Rb2 Rxe3 29. Kf2 Re5 30. b4 Rb5 31. Ke3 Ke7 32. Ke4 Kd6 33. Kd4
Kc6 34. Ke4 Kd6 35. Kd4 Kc6 36. Ke4 1/2-1/2

[Event "Chigorin Memorial Open"]
[Site "St Petersburg RUS"]
[Date "2011.10.18"]
[Round "5.10"]
[White "Alekseenko, Kirill"]
[Black "Maiorov, Nikita1"]
[Result "0-1"]
[WhiteTitle "FM"]
[BlackTitle "GM"]
[WhiteElo "2303"]
[BlackElo "2558"]
[WhiteFideId "4135539"]
[BlackFideId "13501720"]
[EventDate "2011.10.14"]

1. e4 e5 2. Nf3 Nc6 3. Bc4 Bc5 4. c3 Nf6 5. d3 a6 6. Bb3 Ba7 7. Nbd2 d6 8. h3 h6
9. Nf1 Be6 10. Bc2 d5 11. Qe2 b5 12. exd5 Qxd5 13. Ng3 O-O 14. O-O Rfe8 15. Be3
Bc5 16. a3 Bf8 17. Rae1 Qd7 18. Qd1 Rad8 19. Bc1 Bd5 20. Nd2 Qc8 21. Kh2 Nh7 22.
Qg4 Be6 23. Qe2 f5 24. d4 exd4 25. Qf3 d3 26. Rxe6 Rxe6 27. Bb3 Na5 28. Bxe6+
Qxe6 29. Nxf5 Ng5 30. Qg4 g6 31. Ne3 Qxg4 32. hxg4 Bc5 33. Re1 Re8 34. Ndf1 Nb3
35. f4 d2 36. Nxd2 Nxc1 37. Nc2 Rxe1 38. Nxe1 Be3 39. fxg5 Bxd2 0-1

[Event "Chigorin Memorial Open"]
[Site "St Petersburg RUS"]
[Date "2011.10.18"]
[Round "5.11"]
[White "Gavrilov, Alexei1"]
[Black "Azarov, Sergei"]
[Result "0-1"]
[WhiteTitle "GM"]
[BlackTitle "GM"]
[WhiteElo "2509"]
[BlackElo "2648"]
[WhiteFideId "4104358"]
[BlackFideId "13501470"]
[EventDate "2011.10.14"]

1. d4 d5 2. c4 e6 3. Nc3 Be7 4. Nf3 Nf6 5. Bg5 h6 6. Bh4 O-O 7. e3 b6 8. Bd3 Bb7
9. Bxf6 Bxf6 10. cxd5 exd5 11. O-O c5 12. Rc1 cxd4 13. Nxd4 Nc6 14. Nxc6 Bxc6
15. Ne2 Qd6 16. Nd4 Bd7 17. Qd2 a5 18. a3 g6 19. Rfd1 Rac8 20. Rxc8 Rxc8 21. h3
Ba4 22. Rb1 h5 23. Ba6 Rd8 24. Be2 Bd7 25. Rc1 Rc8 26. Rxc8+ Bxc8 27. Bf3 Ba6
28. Be2 Bc4 29. Bd1 Qc5 30. g3 h4 31. g4 Qc7 32. Qc3 Qe7 33. Bf3 a4 34. Qd2 Qd6
35. Bd1 b5 36. Kg2 Qe5 37. Bc2 Qe7 38. Bb1 Qd6 39. Bc2 Be5 40. Bd1 Qf6 41. f4
Bd6 42. g5 Qe7 43. Bf3 Bc5 44. Kf2 Qd6 45. Qc3 Qb6 46. Bg2 b4 47. axb4 Bxb4 48.
Qc2 Bc5 49. Qc3 Bb4 50. Qc2 Qa5 51. Nf3 a3 52. bxa3 Qxa3 53. Nxh4 Be1+ 54. Kxe1
Qxe3+ 55. Kd1 Bb3 56. Qxb3 Qxb3+ 0-1

[Event "Chigorin Memorial Open"]
[Site "St Petersburg RUS"]
[Date "2011.10.18"]
[Round "5.13"]
[White "Sjugirov, Sanan"]
[Black "Neverov, Valeriy"]
[Result "1-0"]
[WhiteTitle "GM"]
[BlackTitle "GM"]
[WhiteElo "2627"]
[BlackElo "2508"]
[WhiteFideId "4189302"]
[BlackFideId "14100150"]
[EventDate "2011.10.14"]

1. e4 e5 2. Nf3 Nc6 3. Bb5 a6 4. Ba4 Nf6 5. O-O Be7 6. Re1 b5 7. Bb3 O-O 8. c3
d6 9. h3 Nb8 10. d4 Nbd7 11. Nbd2 Bb7 12. Bc2 Re8 13. Nf1 Bf8 14. Ng3 g6 15. a4
Bg7 16. Bd3 c6 17. Bg5 Nf8 18. b4 Ne6 19. Be3 Nd7 20. Qc2 Qc7 21. Red1 Nb6 22.
dxe5 dxe5 23. a5 Nd7 24. c4 Ndf8 25. Bf1 Qe7 26. Qb3 Rad8 27. Bb6 Rd7 28. Ne2
Rxd1 29. Rxd1 bxc4 30. Qxc4 Nd7 31. Be3 c5 32. bxc5 Ndxc5 33. Nc3 Qc7 34. Ra1
Nxe4 35. Nxe4 Qxc4 36. Bxc4 Bxe4 37. Bxa6 Nd4 38. Nxd4 exd4 39. Bd2 Ra8 40. Bc4
Rc8 41. Rc1 Rc7 42. Bf4 Ra7 43. a6 h5 44. f3 Bf5 45. Bb8 Ra8 46. a7 d3 47. Bd5
Bd4+ 48. Kh1 Bxa7 49. Bxa8 Bxb8 50. g4 hxg4 51. hxg4 Be6 52. Rd1 Bc4 53. Be4 Kg7
54. Bxd3 Bxd3 55. Rxd3 f5 56. Rb3 Be5 57. gxf5 gxf5 58. Rb6 Bf6 59. Kg2 Kg6 60.
Kf2 Kg5 61. Ke3 Be5 62. Rb4 Bh2 63. Rb1 Bf4+ 64. Kd3 Bd6 65. Rb6 Bc5 66. Rc6 Ba7
67. Rc4 Bb6 68. Kc3 Ba5+ 69. Kb3 Bd2 70. Ka4 Kf6 71. Kb5 Ke6 72. Kc6 Bg5 73. Ra4
Be3 74. Ra5 Bd4 75. f4 Bb2 76. Rc5 Bd4 77. Rc2 Ba7 78. Rb2 Bd4 79. Re2+ Kf6 80.
Kd5 Ba1 81. Ra2 Bc3 82. Kc4 Be1 83. Ra6+ Kf7 84. Kd4 1-0

[Event "Chigorin Memorial Open"]
[Site "St Petersburg RUS"]
[Date "2011.10.18"]
[Round "5.14"]
[White "Kokarev, Dmitry"]
[Black "Krylov, Mikhail"]
[Result "1-0"]
[WhiteTitle "GM"]
[BlackTitle "IM"]
[WhiteElo "2619"]
[BlackElo "2471"]
[WhiteFideId "4132181"]
[BlackFideId "4151364"]
[EventDate "2011.10.14"]

1. g3 g6 2. Bg2 Bg7 3. c4 c5 4. Nc3 Nc6 5. Nf3 e5 6. O-O Nge7 7. Ne1 O-O 8. Nc2
d6 9. d3 Be6 10. Ne3 Rb8 11. Ned5 a6 12. a4 a5 13. Bg5 f6 14. Bd2 Nb4 15. Qb3 h6
16. Nb5 Kh7 17. Bxb4 axb4 18. Nbc7 Bxd5 19. Nxd5 Nc6 20. e3 f5 21. Qd1 Rf7 22.
Qe2 b6 23. Kh1 h5 24. Rg1 Ne7 25. Nxe7 Rxe7 26. Bd5 Qd7 27. b3 Bf6 28. a5 bxa5
29. Rxa5 Kg7 30. Ra6 Rh8 31. Rb6 Qd8 32. Ra6 Qd7 33. Qf3 Bg5 34. Rga1 Bf6 35.
Rg1 Bg5 36. Rga1 Bf6 37. R1a2 h4 38. Rb6 e4 39. dxe4 fxe4 40. Bxe4 hxg3 41. fxg3
Qe6 42. Rb7 Rxb7 43. Bxb7 Rf8 44. Bd5 Qe7 45. Be4 Re8 46. Bd3 Bg5 47. h4 Bxe3
48. Re2 Qe5 49. Kg2 Re7 50. Qg4 Qf6 51. Bxg6 Qxg6 52. Qxg6+ Kxg6 53. Kf3 Bg5 54.
hxg5 Rd7 55. Ke4 Re7+ 56. Kd3 Rd7 57. Re8 Rh7 58. Ke4 Rh1 59. Re6+ Kxg5 60. Rxd6
Rb1 61. Rd3 Rc1 62. Kd5 Rc3 63. Ke4 Rc1 64. Kd5 Rc3 65. Rd1 Rxb3 66. Kxc5 Kf5
67. Kb5 Ke5 68. Rg1 Kd4 69. g4 Kc3 70. c5 Ra3 71. Rc1+ Kb2 72. Kxb4 Rb3+ 73. Kc4
Rg3 74. Rd1 1-0

[Event "Chigorin Memorial Open"]
[Site "St Petersburg RUS"]
[Date "2011.10.18"]
[Round "5.15"]
[White "Kalegin, Evgenij"]
[Black "Aleksandrov, Aleksej"]
[Result "1/2-1/2"]
[WhiteTitle "IM"]
[BlackTitle "GM"]
[WhiteElo "2467"]
[BlackElo "2618"]
[WhiteFideId "4103416"]
[BlackFideId "13500139"]
[EventDate "2011.10.14"]

1. e4 e5 2. Nf3 Nc6 3. Bb5 Nf6 4. d3 d6 5. d4 Bd7 6. Nc3 a6 7. Bxc6 Bxc6 8. O-O
Nxe4 9. Nxe4 Bxe4 10. Re1 d5 11. Ng5 Bg6 12. Rxe5+ Be7 13. Qe2 f6 14. Ne6 Qd6
15. Rxd5 Qc6 16. Bf4 Kf7 17. Nxc7 Rac8 18. Re1 Rxc7 19. Bxc7 Re8 20. Rc5 Bxc5
21. Qxe8+ Qxe8 22. Rxe8 Kxe8 23. dxc5 Bxc2 24. f3 Kd7 25. Bd6 Ke6 26. Kf2 Bb1
27. a3 Bd3 28. Ke3 Bf1 29. g3 Bb5 30. h4 g6 31. g4 h5 32. Kf4 Bc6 33. Bf8 Ba4
34. Bd6 Bc6 35. Bc7 Ba4 36. Bb8 Bd1 37. Bc7 Kd5 38. Bd8 Kxc5 39. Bxf6 1/2-1/2

[Event "Chigorin Memorial Open"]
[Site "St Petersburg RUS"]
[Date "2011.10.18"]
[Round "5.16"]
[White "Gladyszev, Oleg"]
[Black "Volkov, Sergey"]
[Result "1/2-1/2"]
[WhiteTitle "IM"]
[BlackTitle "GM"]
[WhiteElo "2463"]
[BlackElo "2614"]
[WhiteFideId "4118642"]
[BlackFideId "4122763"]
[EventDate "2011.10.14"]

1. d4 d5 2. c4 c6 3. Nf3 Nf6 4. Nc3 a6 5. a4 e6 6. Bg5 a5 7. e3 Be7 8. Be2 O-O
9. O-O Na6 10. Qb3 Re8 11. Ne5 Nd7 12. Bxe7 Rxe7 13. f4 Nf6 14. Rac1 Nb4 15. Na2
Nxa2 16. Qxa2 Bd7 17. Bd3 Be8 18. Qa3 Rc7 19. c5 Nd7 20. b4 axb4 21. Qxb4 f6 22.
Nxd7 Rxd7 23. Ra1 Bg6 24. Bxg6 hxg6 25. a5 Ra6 26. Rfb1 Re7 27. Qc3 e5 28. fxe5
fxe5 29. dxe5 Qc7 30. e4 dxe4 31. Qc4+ Kh7 32. Qxe4 Rxe5 33. Rxb7 Rxe4 34. Rxc7
Rc4 35. Rb1 Rxc5 36. Rbb7 Kh6 37. h4 Rb5 38. Rxg7 Rxb7 39. Rxb7 Rxa5 40. Rc7 Rc5 1/2-1/2

[Event "Chigorin Memorial Open"]
[Site "St Petersburg RUS"]
[Date "2011.10.18"]
[Round "5.17"]
[White "Rakhmanov, Aleksandr"]
[Black "Hamitevici, Vladimir"]
[Result "1-0"]
[WhiteTitle "GM"]
[BlackTitle "IM"]
[WhiteElo "2592"]
[BlackElo "2438"]
[WhiteFideId "4173708"]
[BlackFideId "13902393"]
[EventDate "2011.10.14"]

1. d4 Nf6 2. c4 e6 3. Nc3 Bb4 4. e3 O-O 5. Bd3 c5 6. Ne2 cxd4 7. exd4 d5 8. a3
Be7 9. O-O dxc4 10. Bxc4 Nbd7 11. Nf4 Nb6 12. Bb3 Bd7 13. Nd3 Bc6 14. Ne5 Bd5
15. Nxd5 Nbxd5 16. Qf3 Qb6 17. Rd1 Rac8 18. Rd3 Rc7 19. Bd2 Rfc8 20. g4 Bf8 21.
Re1 Ne8 22. h4 Qd6 23. g5 f5 24. Ng6 Rf7 25. Nf4 Nec7 26. Nxe6 Nxe6 27. Qxd5 1-0

[Event "Chigorin Memorial Open"]
[Site "St Petersburg RUS"]
[Date "2011.10.18"]
[Round "5.18"]
[White "Burmakin, Vladimir"]
[Black "Bellia, Fabrizio"]
[Result "1-0"]
[WhiteTitle "GM"]
[BlackTitle "IM"]
[WhiteElo "2588"]
[BlackElo "2420"]
[WhiteFideId "4105109"]
[BlackFideId "800511"]
[EventDate "2011.10.14"]

1. Nf3 c5 2. g3 Nc6 3. Bg2 g6 4. d4 cxd4 5. Nxd4 Bg7 6. Nb3 Nf6 7. c4 d6 8. Nc3
O-O 9. O-O Na5 10. c5 Nxb3 11. axb3 dxc5 12. Qxd8 Rxd8 13. Be3 Be6 14. Bxc5 Nd5
15. Bxd5 Bxd5 16. Bxe7 Rd7 17. Rfd1 Be6 18. Rxd7 Bxd7 19. Bc5 a6 20. Rd1 Be6 21.
b4 h5 22. f3 Rc8 23. Nd5 Bxd5 24. Rxd5 Bxb2 25. Rd7 b5 26. Ra7 Rc6 27. Kf2 Kg7
28. Ke3 Kf6 29. Kd3 Ke6 30. f4 f5 31. e4 fxe4+ 32. Kxe4 Bc3 33. Kd3 Bf6 34. h3
Kf5 35. Ke3 g5 36. fxg5 Bxg5+ 37. Kd4 Ke6 38. Ke4 Bf6 39. g4 hxg4 40. hxg4 Bg5
41. Rg7 Bh6 42. Rh7 Bd2 43. Rh2 Bc1 44. Re2 Bg5 45. Kd4+ Kd7 46. Kd5 Rg6 47. Rf2
Rf6 48. Rh2 Rh6 49. Rh5 Rxh5 50. gxh5 Bd2 51. Ke5 Ke8 52. Ke6 Bc1 53. Kf6 Bd2
54. Kg6 Kd7 1-0

[Event "Chigorin Memorial Open"]
[Site "St Petersburg RUS"]
[Date "2011.10.18"]
[Round "5.19"]
[White "Deviatkin, Andrei"]
[Black "Oparin, Grigoriy"]
[Result "0-1"]
[WhiteTitle "GM"]
[BlackTitle "IM"]
[WhiteElo "2580"]
[BlackElo "2413"]
[WhiteFideId "4121260"]
[BlackFideId "24125890"]
[EventDate "2011.10.14"]

1. e4 c5 2. Nf3 d6 3. d4 cxd4 4. Nxd4 Nf6 5. Nc3 a6 6. Be2 e6 7. O-O Be7 8. f4
O-O 9. Be3 Qc7 10. Kh1 b5 11. a3 Bb7 12. Bd3 Nbd7 13. Qe1 Nc5 14. Bf2 Rfe8 15.
Bh4 Nfxe4 16. Nxe4 Bxh4 17. Qxh4 Bxe4 18. Bxe4 Nxe4 19. f5 d5 20. Rae1 Qe7 21.
f6 gxf6 22. Rxe4 dxe4 23. Nc6 Qf8 24. Rxf6 Rac8 25. Ne5 Rxc2 26. h3 Qg7 27. Ng4
Kh8 28. Qe1 Rd8 29. Qxe4 Rd1+ 30. Kh2 Rdd2 31. Rxf7 Rxg2+ 32. Kh1 Rxg4 33. Qxg4
Rc1+ 34. Kh2 Qxb2+ 35. Qg2 Qe5+ 0-1

[Event "Chigorin Memorial Open"]
[Site "St Petersburg RUS"]
[Date "2011.10.18"]
[Round "5.20"]
[White "Antipov, Mikhail Al."]
[Black "Demchenko, Anton"]
[Result "1-0"]
[WhiteTitle "IM"]
[BlackTitle "IM"]
[WhiteElo "2412"]
[BlackElo "2574"]
[WhiteFideId "4107012"]
[BlackFideId "4160258"]
[EventDate "2011.10.14"]

1. e4 e5 2. Nf3 Nc6 3. Bb5 a6 4. Ba4 d6 5. O-O Bd7 6. c3 g6 7. d4 Bg7 8. Re1
Nge7 9. d5 Na5 10. Nbd2 b5 11. Bc2 O-O 12. a4 c6 13. dxc6 Bxc6 14. Nf1 Qc7 15.
Ne3 Rad8 16. b4 Nc4 17. axb5 Bxb5 18. Bb3 Nxe3 19. Rxe3 Qb7 20. c4 Bc6 21. Qe1
Bh6 22. Re2 Bxc1 23. Rxc1 Rb8 24. b5 axb5 25. c5 d5 26. Nxe5 dxe4 27. Qc3 h5 28.
Rd2 b4 29. Qb2 Be8 30. c6 Qa7 31. c7 Rc8 32. Nd7 e3 33. Nf6+ Kh8 34. Nxe8+ f6
35. Nxf6 Qa3 36. Nd7+ Qxb2 37. Rxb2 1-0

[Event "Chigorin Memorial Open"]
[Site "St Petersburg RUS"]
[Date "2011.10.18"]
[Round "5.21"]
[White "Kanter, Eduard"]
[Black "Yakovich, Yuri"]
[Result "1/2-1/2"]
[WhiteTitle "IM"]
[BlackTitle "GM"]
[WhiteElo "2406"]
[BlackElo "2549"]
[WhiteFideId "4103963"]
[BlackFideId "4100654"]
[EventDate "2011.10.14"]

1. d4 d5 2. c4 c6 3. Nf3 Nf6 4. Nc3 e6 5. g3 dxc4 6. Bg2 b5 7. Ne5 a6 8. O-O Bb7
9. b3 cxb3 10. axb3 Be7 11. Be3 O-O 12. Qc2 Nd5 13. Ne4 Nd7 14. Nxc6 Bxc6 15.
Qxc6 Nxe3 16. fxe3 Nb6 17. Nc5 Rc8 18. Nb7 Rxc6 19. Nxd8 Rc3 20. Nc6 Bg5 21.
Rxa6 Nd5 22. Bxd5 exd5 23. Rf5 h6 24. e4 dxe4 25. Rxb5 Be3+ 26. Kg2 Rc2 27. Ne7+
Kh7 28. Nf5 Rxe2+ 29. Kf1 Rf2+ 30. Ke1 Rf3 31. Nh4 Rf2 32. Nf5 Rf3 33. Nh4 Rf2
34. Nf5 1/2-1/2

[Event "Chigorin Memorial Open"]
[Site "St Petersburg RUS"]
[Date "2011.10.18"]
[Round "5.22"]
[White "Popov, Valerij"]
[Black "Pankov, German"]
[Result "1/2-1/2"]
[WhiteTitle "GM"]
[BlackTitle "FM"]
[WhiteElo "2545"]
[BlackElo "2392"]
[WhiteFideId "4119410"]
[BlackFideId "4174569"]
[EventDate "2011.10.14"]

1. e4 c5 2. Nf3 d6 3. d4 cxd4 4. Nxd4 Nf6 5. Nc3 g6 6. Be3 a6 7. Qd2 Bg7 8. Be2
Ng4 9. Bxg4 Bxg4 10. f3 Be6 11. Nxe6 fxe6 12. Bd4 Bxd4 13. Qxd4 Rg8 14. Qc4 Qd7
15. Ne2 Nc6 16. Nf4 Nd8 17. O-O-O Rc8 18. Qb3 Qb5 19. Qxb5+ axb5 20. Rd3 g5 21.
Ne2 Nc6 22. Kb1 b4 23. Rhd1 Kd7 24. Rb3 Ra8 25. c3 bxc3 26. Nxc3 Ra7 27. Nb5 Ra5
28. a3 Rc8 29. Nd4 Nxd4 30. Rxd4 Rc7 31. Rdb4 Kc8 32. Rb5 Rxb5 33. Rxb5 e5 34.
Rb3 Kb8 35. Rd3 Rc8 36. b3 Rg8 37. h3 Kc7 38. Kc2 h5 39. Kc3 Rf8 40. a4 b6 41.
Kb4 Kb7 42. Kc4 Kc6 43. Rc3 Ra8 44. Kb4+ Kb7 45. Rc1 h4 46. g3 Rf8 47. gxh4 gxh4
48. Rf1 Kc6 49. Rc1+ Kb7 50. Rf1 Kc6 1/2-1/2